Online Catalogue and eLibrary

Hayavadana (Record no. 5850)

MARC details
000 -LEADER
fixed length control field 00480nam a2200157Ia 4500
005 - DATE AND TIME OF LATEST TRANSACTION
control field 20241204001248.0
008 - FIXED-LENGTH DATA ELEMENTS--GENERAL INFORMATION
fixed length control field 240331s9999 xx 000 0 und d
020 ## - INTERNATIONAL STANDARD BOOK NUMBER
ISBN 0195603826
082 ## - DDC Classification
Item Number - Author Mark KAR
Class No. 891
100 ## - MAIN ENTRY--PERSONAL NAME
Personal name Karnad, Girish
245 #0 - TITLE STATEMENT
Title Hayavadana
260 ## - PUBLICATION, DISTRIBUTION, ETC.
Place of publication, distribution, etc. New Delhi
Name of publisher, distributor, etc. Oxford University Press
Date of publication, distribution, etc. 1975
300 ## - PHYSICAL DESCRIPTION
Extent (e.g. Volumes, Pages etc.) Vii, 71 p .,
500 ## - GENERAL NOTE
General note Hayavadana was first presented in English by the Madras players at the Museum Theatre, Madras on 7 December 1972.
942 ## - Koha item type (Biblio)
Koha item type Books in Stacks (Lending)
Holdings
Lost status Damaged status Collection code Home library Current library Shelving location Date acquired Full call number Accession Number Item type
    Lending WERC Library WERC Library Social Science Cupboard 03/31/2024 891.48 KAR 6836 Books in Stacks (Lending)

© WERC Library